Представление документа в формате RUSMARC

ПолеНазваниеЗначение
  Тип записи a
  Библиографический уровень a
001 Контрольный номер UONB/MAIN/a2653b04e6f74bf18c2dba61ee876e7d
005 Дата корректировки 20260403143105.6
100 Данные общей обработки __
a Данные общей обработки 20260403 ||| 0rusy0189 ca
101 Язык документа 0_
a Язык текста rus
102 Страна публикации __
a Страна публикации RU
200 Заглавие и сведения об ответственности 1_
a Заглавие Хранитель традиций русской деревенской прозы
f Первые сведения об ответственности Е. А. Саурова
203 Вид содержания и тип средства __
a Вид содержания Текст
b Характеристика содержания визуальный
c Тип средства непосредственный
215 Физическое описание __
c Иллюстрации/тип воспроизводства ил., фот.
330 Аннотация __
a Аннотация Творчество, последние книги писателя А. Н. Жукова. Библиотека п. Новосёлки Мелекесского района носит имя земляка.
461 Уровень набора _0
1 2000
a Мелекесские вести
463 Уровень физической единицы _0
1 2000
a № 8 (13237) (20 февраля)
v С. 10
1 2101
d 2026
1 001UONB/MAIN/438c53bb2c19479fbb0d9d9eace3f9a8
600 Персоналии _1
a Персоналии (Фамилия) Жуков
b Персоналии (Имя, инициалы) А. Н.
g Полное имя Анатолий Николаевич
601 Наименование организации как предмет 02
a Наименование организации как предмет модельная библиотека имени А. Н. Жукова посёлка Новосёлки (Мелекесский район ; Ульяновская область)
607 Географические рубрики __
a Географическое наименование Новоселки, поселок (Мелекесский район ; Ульяновская область)
610 Ключевые слова 0_
a Ключевые слова писатели; юбилеи писателей; модельные библиотеки; именные библиотеки; творчество писателей
686 Индексы других классификаций __
a Классификационный индекс 83.3-8
700 Автор _1
a Фамилия Саурова
b Имя (инициалы) Е. А.
g Полное личное имя Елена Александровна
801 Источник записи _0
a Страна RU
b Организация Ульяновская ОНБ
c Дата составления 20260403
g Правила каталогизации RCR
801 Источник записи _1
a Страна RU
b Организация Ульяновская ОНБ
c Дата составления 20260403
g Правила каталогизации RCR
901 Тип документа __
t Тип документа f
w Контрольный № источника UONB/MAIN/438c53bb2c19479fbb0d9d9eace3f9a8
909 Создатель записи __
a Создатель записи Кулагина
b Дата создания записи 20260403